00699nam a2200205Ia 4500003000900000008004100009020001800050040001600068080001200084100002600096245009600122260003300218300001400251490005500265650001900320650001600339942000700355999001500362952011600377IN-BaIIA211028s9999 xx 000 0 eng d a0-08-029147-3 cIIA Library a53bGIN aGinzburg, V. L.94051 0aWaynflete lectures on physicscV. L. Ginzburg  aOxfordbPergamon Pressc1983 avi, 130p. aInternational series in natural philosophy; v. 106 aNASA Thesaurus aPhysics973 cBK c7897d7897 00104070aBANbBANcGENd1984-07-05g252.00l0o53/ GINp8720r2021-11-05v252.00w1984-07-05yBKGRs. 252.00